000 00522cam a2200145 4500500
005 20260111143445.0
041 _afre
042 _adc
100 1 0 _aRibard, Dinah
_eauthor
245 0 0 _aPratique(s) jésuite(s) de l'écrit : le P. Tournemine, les Mémoires de Trévoux et Fénelon
260 _c2005.
500 _a98
786 0 _nDix-septième siècle | 228 | 3 | 2005-09-01 | p. 513-526 | 0012-4273
856 4 1 _uhttps://shs.cairn.info/revue-dix-septieme-siecle-2005-3-page-513?lang=fr&redirect-ssocas=7080
999 _c1636109
_d1636109